| 000 | 00858nam a2200253 a 4500 | ||
|---|---|---|---|
| 005 | 20210223133306.0 | ||
| 008 | 170524s2015 mx r 000 0 spa d | ||
| 020 | _a9786071633200 (FCE) | ||
| 020 | _a9786070273742 (UNAM) | ||
| 020 | _a9786074173482 (UIA) | ||
| 020 | _a9786079473211 (ITESO) | ||
| 035 | _aUPN01000218139 | ||
| 049 | _aCG | ||
| 050 | 4 |
_aF1225 C5.5 _bF7.2 |
|
| 245 | 0 | 0 |
_aFrancisco Xavier Clavigero, un humanista entre dos mundos : _bentorno, pensamiento y presencia / _ccoord. Alfonso Alfaro. |
| 260 |
_aMéxico : _bFCE : _bUIA : _bUNAM : _bITESO, _c2015. |
||
| 300 |
_a364 p. : _bil., mapas |
||
| 440 | 0 | _aSección de obras de historia | |
| 600 | 1 | 4 |
_aCLAVIJERO, FRANCISCO JAVIER, _d1731-1787 |
| 610 | 1 | 4 |
_aJESUITAS - _zMEXICO - _vBIOGRAFIA _925926 |
| 700 | 1 |
_aAlfaro, Alfonso, _ecoord. _936213 |
|
| 905 | _aLibro | ||
| 999 |
_c190239 _d190239 |
||